000
00271nam a2200109Ia 4500
001
1264718
005
20260417141948.0
008
260417s9999 xx 000 0 und d
020
_a
9786051853550
245
0
_a
Kedi ve Ölüm
_c
Erhan Bener
260
_b
Everest Yayınları
999
_c
1264718
_d
1264718